Vplyv priamych zahraničných investícií na platobnú bilanciu Slovenskej republiky bakalárska práca

Salvato in:
Dettagli Bibliografici
Autore principale: Šmídtová, Michaela
Ente Autore: Národohospodárska fakulta EU. Katedra bankovníctva a medzinárodných financií
Altri autori: Širaňová, Mária
Natura: Libro
Lingua:slovacco
Pubblicazione: Bratislava 2017
Tags: Aggiungi Tag
Nessun Tag, puoi essere il primo ad aggiungerne!!

MARC

LEADER 00000nbm a2200000 4500
001 0233784
005 20180115154038.9
041 0 |a slo 
044 |a SK 
245 1 0 |a Vplyv priamych zahraničných investícií na platobnú bilanciu Slovenskej republiky  |b bakalárska práca  |c Michaela Šmídtová ; školiteľ: Mária Širaňová 
264 1 |a Bratislava  |c 2017 
300 |a 48 s. 
100 1 |a Šmídtová, Michaela 
700 1 |a Širaňová, Mária 
710 2 |a Národohospodárska fakulta EU. Katedra bankovníctva a medzinárodných financií